000 00767nam a2200217Ia 4500
001 23462
003 GE_BSU
008 181216s||||||||xx |||||||||||||| ||und||
040 _cGE_BSU
080 _a94(470)"18
100 _aსურგულაძე, აკაკი
245 _aრუსეთის იმპერია XIX საუკუნეში.
260 _aთბილისი
260 _bთბილ. უნ-ტის გამ-ბა
260 _c1973
300 _a615გვ. ; 22სმ.
541 _h3ლ. 28თ.
653 _aრუსეთის იმპერია XIX საუკუნეში.
653 _aრუსეთის ისტორია, XIX ს.; რუსეთის იმპერია
942 _cBK
999 _c56349
_d56349